| 000 | 00365nam a2200121Ia 4500 | ||
|---|---|---|---|
| 008 | 160712s9999 xx 000 0 und d | ||
| 100 | _aCammayo, Naomi. | ||
| 245 |
_cNaomi Cammayo _aLove Poem |
||
| 260 |
_c2012 _bDiliman Review |
||
| 300 | _avol. 59 no. 1-4 | ||
| 650 | _xPOETRY | ||
| 856 | _uhttp://journals.upd.edu.ph/index.php/dilimanreview/issue/view/390/showToc | ||
| 999 |
_c297467 _d297467 |
||